| 000 | 01022nam a2200229Ia 4500 | ||
|---|---|---|---|
| 999 |
_c38423 _d38423 |
||
| 001 | 4434 | ||
| 003 | GE_BSU | ||
| 005 | 20190515190739.0 | ||
| 008 | 181216s1999||||ge |||||||||||||| ||geo|| | ||
| 040 | _cGE_BSU | ||
| 041 | _ageo | ||
| 080 | _a72(075.8) ა–84 | ||
| 245 |
_aარქიტექტურული დაგეგმარების შესავალი / _cშემდგ : ვ.კრინსკი ; ვ. კოლბინი ; ი. ლამცოვი ; რედ : ნ.მგალობლიშვილი . |
||
| 264 |
_aბათუმი : _bაჭარა, _c1999. |
||
| 300 |
_a23.გვ ; 27 სმ; _bილ ; _c27 სმ. |
||
| 653 | _aარქიტექტურული დაგეგმარება | ||
| 653 | _aარქიტექტურა | ||
| 700 |
_aკოლბინი, ვ. _91189 |
||
| 700 |
_aლამცოვი, ი. _91190 |
||
| 700 |
_aმგალობლიშვილი, ნ _eრედაქტორი _91191 |
||
| 942 |
_cBK _2udc |
||